000 01176nam a22003377a 4500
003 CHAP
005 20220329135009.0
008 971013s1954 r 00010 d
010 _a29262
011 _a30234
035 _a34346
040 _cCHAP
090 _aFolleto 4955
100 0 0 _aContreras Arias, Alfonso.
_927458
245 _aRegimen de heladas en la región de Chapingo, Méx.
260 _aMéxico, D.F. :
_bComisión Nacional del Maíz,
_c1954
300 _a46 p.
_b: ilus. ; gráfs.
490 _aComisión Nacional del Maíz. Folleto técnico
_v; 1
590 _aBATCH-UPD
_b10
_c20130110
_lUCH01
_h1441
590 _aBATCH-UPD
_b10
_c20130410
_lUCH01
_h0912
590 _aBATCH-UPD
_b10
_c20130914
_lUCH01
_h0949
590 _aCONVERSION
_b10
_c20130109
_lUCH01
_h1317
650 1 4 _aClima
_zMéxico (Edo.).
_923852
650 1 4 _aHeladas.
_953392
830 0 _aComisión Nacional del Maíz. Folleto técnico
_v; 1
_925813
901 _aBK
942 _cFOLL
949 _aFolleto 4955
_bBC
_cFOLL
_d-79562
_eTS1
_i34346
_mD
_si
949 _aFolleto 4955
_bBC
_cFOLL
_d-79563
_eTS2
_fc.2
_i34346
_mD
_si
949 _aFolleto 4955
_bBC
_cFOLL
_d-79564
_eTS2
_fc.3
_i34346
_mD
_si
999 _c29262
_d29262